[Event "FIDE Chesscom Grand Swiss 2019"]
[Site "Douglas-Isle of Man"]
[Date "2019.10.14"]
[Round "5.20"]
[White "Adhiban, B.."]
[Black "Howell, David W L"]
[Result "1-0"]
[WhiteElo "2639"]
[BlackElo "2694"]
[Annotator "TA"]
[PlyCount "121"]
[EventDate "2019.10.10"]
[EventType "swiss"]
[EventCountry "GBR"]
[SourceTitle "playchess.com"]
[Source "ChessBase"]
[SourceQuality "1"]

{[%evp 15,120,22,15,0,0,0,0,0,3,0,70,42,70,68,75,71,87,82,96,102,91,93,109,90,90,103,95,83,100,81,92,92,91,50,81,75,81,76,73,83,88,74,101,98,100,96,95,93,103,103,103,103,103,97,93,93,93,93,93,93,106,104,106,0,106,106,108,98,201,176,202,199,320,305,351,333,299,0,347,346,342,340,423,402,460,394,477,469,393,298,601,610,593,578,794,781,757,753,641,640,629,600,29989,29988,29987,29988,29999]} 1. d4 Nf6 2. c4 e6 3. g3 Be7 4. Bg2 d5 5. Nf3 O-O 6. O-O dxc4 7. Qc2 a6 8. a4 Bd7 9. Rd1 {E05: Open Catalan: 5 Nf3 Be7} Bc6 10. Bg5 b5 11. Bxf6 {The position is equal.} Bxf6 12. Nc3 bxa4 $146 ({Black should try} 12... Qe8 $11) ({Predecessor:} 12... Qe8 13. d5 exd5 14. Nd4 Qe5 15. e4 dxe4 16. axb5 axb5 17. Nxc6 Nxc6 18. Rxa8 Rxa8 19. Qxe4 Qxe4 20. Bxe4 {½-½ (32) Rapport,R (2726)-Giri,A (2797) Shenzhen 2019}) 13. Nxa4 $14 Ra7 {[%cal Ba8a7,Ba7b7,Bb7b4][%mdl 32]} 14. Qxc4 Rb7 15. Qc2 Rb4 16. e3 $1 Bxa4 17. Rxa4 Rxa4 18. Qxa4 Qd7 19. Qxd7 Nxd7 20. Rc1 Rc8 21. Bf1 Nb8 22. Nd2 Kf8 23. Nb3 Be7 24. Ra1 Ke8 25. Ra5 Bb4 26. Ra4 Be7 27. Kg2 Kd7 28. Kf3 h5 29. h4 g6 30. Ra5 Rd8 31. Bc4 Ke8 32. Bxa6 Nxa6 33. Rxa6 $16 {[%mdl 4096] Endgame KRB-KRN} Rb8 34. Na5 Bf6 35. Nc4 Rb4 {[#]} 36. Rc6 $1 Kd7 37. Rc5 Bg7 38. Ke2 Ra4 39. Kf3 Rb4 {[#]} 40. Ke4 $1 Rb3 41. Ra5 Rb4 (41... Rb8 $16 42. Kd3 Kc6) 42. Kd3 $18 Rb8 43. Kc3 Bf6 (43... f6 $142 44. f4 Bf8) 44. b4 Kc6 45. Ra6+ Kb5 46. Ra5+ Kc6 47. Nb2 Be7 48. Nd3 Bd6 49. Kc4 Rg8 50. f4 Rd8 51. e4 Kb6 52. Ra3 Kc6 $2 (52... Kb7 53. Ra2 c6) 53. b5+ {[%cal Bb4b5,Bb5b6][%mdl 32]} Kb7 54. Ra6 Rd7 55. Nc1 Rd8 56. Nb3 Re8 57. Na5+ Kb8 58. b6 c6 59. Nxc6+ {White mates.} Kb7 60. Kb5 Rc8 61. Ra7# {Accuracy: White = 80%, Black = 42%.} 1-0

[Event "FIDE Chesscom Grand Swiss 2019"]
[Site "Douglas-Isle of Man"]
[Date "2019.10.14"]
[Round "5.20"]
[White "Boruchovsky, Avital"]
[Black "Inarkiev, Ernesto"]
[Result "1/2-1/2"]
[WhiteElo "2533"]
[BlackElo "2693"]
[Annotator "TA"]
[PlyCount "65"]
[EventDate "2019.10.10"]
[EventType "swiss"]
[EventCountry "GBR"]
[SourceTitle "playchess.com"]
[Source "ChessBase"]
[SourceQuality "1"]

{[%evp 23,65,16,10,0,48,0,35,25,29,21,27,10,9,9,49,14,5,9,39,41,42,46,46,25,25,31,27,10,11,14,10,14,10,0,0,0,5,0,0,0,0,0,0,0]} 1. Nf3 d5 2. g3 c5 3. Bg2 Nc6 4. d4 Nf6 5. O-O e6 6. c4 dxc4 7. dxc5 Qxd1 8. Rxd1 Bxc5 9. Nbd2 c3 10. bxc3 O-O 11. Nb3 Be7 12. Nfd4 Bd7 13. Nb5 {E04: Open Catalan: 5 Nf3} Rfd8 (13... Ne5 $5 {[%cal Rd7b5]} 14. Nd6 Bxd6 15. Rxd6 Bc6 $11) (13... Ne5 14. Ba3 Bxa3 15. Nxa3 Rac8 16. Bxb7 Rxc3 17. Rac1 Rxc1 18. Rxc1 Rb8 19. Na5 Kf8 20. Rc5 Ng6 {½-½ (30) Lysyj,I (2596)-Kryvoruchko,Y (2669) Mali Losinj 2019}) 14. Bf4 Ne8 15. c4 {White is slightly better.} e5 16. Be3 Be6 $146 ({Predecessor:} 16... Bg4 17. Kf1 Nd6 18. Nxd6 Bxd6 19. Nc5 Bxc5 20. Bxc5 Be6 {½-½ (30) Kosarev,D (2177)-Okkes,M (2358) St Petersburg 2005}) 17. Bxc6 (17. Rxd8 {is interesting.} Nxd8 18. Rc1 Rc8 19. Na5 Bb4 20. Nxb7 Nxb7 21. Bxb7 Rxc4 22. Rd1) 17... bxc6 18. Nxa7 Bxc4 19. Nxc6 Rxd1+ 20. Rxd1 Bf8 21. Nxe5 Bxe2 22. Rd2 Bb5 23. Bc5 Bxc5 24. Nxc5 f6 25. Nf3 Bc4 {The position is equal.} 26. Nb3 Ra3 27. Nfd4 Nd6 28. f3 h5 29. Kf2 Kf7 30. Nc6 Nb5 31. Nca5 Be6 32. Rc2 Bf5 33. Rd2 {Accuracy: White = 45%, Black = 71%.} 1/2-1/2

[Event "FIDE Chesscom Grand Swiss 2019"]
[Site "Douglas-Isle of Man"]
[Date "2019.10.14"]
[Round "5.21"]
[White "Grandelius, Nils"]
[Black "Gonzalez Vidal, Yuri"]
[Result "1-0"]
[WhiteElo "2691"]
[BlackElo "2552"]
[Annotator "TA"]
[PlyCount "121"]
[EventDate "2019.10.10"]
[EventType "swiss"]
[EventCountry "GBR"]
[SourceTitle "playchess.com"]
[Source "ChessBase"]
[SourceQuality "1"]

{[%evp 15,121,28,34,38,37,37,43,37,37,37,37,42,36,4,4,18,27,29,19,-6,48,54,49,52,42,16,26,13,27,26,46,34,25,17,66,22,30,17,17,20,20,19,26,0,10,9,31,0,0,0,0,0,61,6,237,99,168,165,464,450,451,445,363,127,130,83,101,89,333,319,301,293,339,328,365,328,254,200,200,200,185,167,252,252,252,252,2293,5622,2632,2725,1093,832,12835,12835,12844,12844,12846,12847,12847,12847,12848,12848,12850,29983,12851,27999,12851,27999]} 1. e4 e5 2. Nf3 Nc6 3. Bb5 a6 4. Ba4 d6 5. c3 Bd7 6. d4 g6 7. O-O Bg7 8. Re1 Nf6 9. h3 {C79: Ruy Lopez: Steinitz-type lines with 3...a6 4 Ba4 Nf6 5 0-0 d6} O-O 10. Bc2 Re8 (10... h6 11. Nbd2 Re8 12. Nf1 Nh5 13. Be3 Qf6 14. N1h2 Nf4 15. dxe5 Nxe5 16. Nxe5 Rxe5 {½-½ (55) Jones,G (2688)-Flores,D (2602) Khanty-Mansiysk 2019}) 11. Nbd2 {White is slightly better.} b5 12. Nf1 Na5 13. Ng3 c5 14. b3 cxd4 15. cxd4 exd4 $146 ({Predecessor:} 15... Nc6 16. Bb2 Rc8 17. Qd2 Qb6 18. d5 Na5 19. Bd3 b4 20. Qe2 {1-0 (65) Kaiser,R (2175)-Jung,G (2039) Bad Homburg 2010}) 16. Nxd4 Rc8 17. Bg5 Qb6 (17... h6 $11 18. Bf4 Nc6 19. Nxc6 Bxc6) 18. Nf3 $14 Nb7 19. Qd2 Be6 20. Be3 Qc7 21. Nd4 Bd7 22. Rad1 Qc3 23. Qxc3 Rxc3 24. Bb1 h5 25. Nf3 Rcc8 26. Bf4 Bc6 27. Bxd6 Nxd6 28. Rxd6 Bb7 29. Kf1 Re7 30. Red1 Ne8 31. Rd8 Rxd8 $1 32. Rxd8 Bf6 33. Rb8 h4 ({Black should play} 33... Bb2 $11) 34. e5 (34. Ne2 $14) 34... Bg7 $2 (34... Bxe5 $11 {and Black is okay.} 35. Nxe5 hxg3) 35. Ne4 ({Stronger than} 35. Nxh4 Bxe5 36. Rd8 Bc7 $11) (35. Be4 $18 {is the precise move to win.}) 35... Bxe4 (35... Kf8 $16) 36. Bxe4 $18 Bxe5 $2 (36... Bf8 37. Bb7 Nc7) 37. Nxe5 Rxe5 $16 {[%mdl 4096] Endgame KRB-KRN} 38. Bc6 Kf8 {[#]} 39. Ra8 $2 (39. f4 $1 $18 {[%cal Rf4e5] and the rest is easy.} Re6 40. Rc8) 39... Re6 40. Bb7 Ke7 41. Rxa6 Rxa6 $2 (41... Re5 $16) 42. Bxa6 {KB-KN} Nc7 43. Bb7 b4 44. Ke2 Kd6 45. Kd3 Kc5 46. Ke4 f6 47. g3 Nb5 {Strongly threatening ...Nd6+.} 48. Kf4 hxg3 (48... Kd6 $142 49. gxh4 Ke7) 49. fxg3 $18 Nc3 {[#]} 50. Be4 $1 {[%cal Re4g6]} g5+ $2 (50... Kd6 51. Bxg6 Ke7) 51. Kf5 Kd6 52. Bd3 Ke7 53. Bc4 Nxa2 54. h4 gxh4 55. gxh4 Nc3 56. h5 Nd1 57. h6 {Intending h7 and mate.} Ne3+ 58. Ke4 Nxc4 59. bxc4 f5+ 60. Kd3 Kf7 61. h7 {Accuracy: White = 63%, Black = 41%.} (61. c5 $18 Kg6 62. c6 f4 63. c7 f3 64. c8=Q Kxh6 65. Qf5 b3 66. Qxf3) 1-0

[Event "FIDE Chesscom Grand Swiss 2019"]
[Site "Douglas-Isle of Man"]
[Date "2019.10.14"]
[Round "5.21"]
[White "Akopian, Vladimir"]
[Black "Ragger, Markus"]
[Result "1-0"]
[WhiteElo "2638"]
[BlackElo "2684"]
[Annotator "TA"]
[PlyCount "159"]
[EventDate "2019.10.10"]
[EventType "swiss"]
[EventCountry "GBR"]
[SourceTitle "playchess.com"]
[Source "ChessBase"]
[SourceQuality "1"]

{[%evp 13,159,8,15,8,34,0,11,0,0,-13,-7,-25,-7,-36,-29,0,0,-61,68,75,72,68,75,59,69,72,100,66,92,95,93,70,95,95,135,135,127,127,123,141,137,131,122,78,68,71,77,82,162,102,118,14,15,29,92,68,73,83,83,95,135,144,149,150,164,168,226,0,154,0,158,77,77,85,94,88,88,88,88,83,89,74,212,178,268,220,220,220,220,220,220,217,217,217,206,198,191,0,60,0,176,14,9,8,14,6,307,307,337,266,293,155,372,18,442,443,431,401,367,313,259,252,547,547,570,570,1327,1219,29970,29970,29971,29972,29972,29973,29972,29974,29973,29975,29974,29976,29978,29979,29979,29978,29978,29979,29979,29980]} 1. e4 e5 2. Nf3 Nc6 3. Bc4 Nf6 4. d3 Bc5 5. c3 d6 6. Bg5 h6 7. Bh4 a6 8. a4 {C54: Giuoco Piano: 4 c3 Nf6, main lines with 5 d4 and 5 d3} Ba7 9. Nbd2 Qe7 10. O-O {The position is equal.} g5 11. Bg3 Nd7 12. Bd5 (12. b4 Nf8 13. b5 Nd8 14. d4 Ng6 15. h3 h5 {1-0 (41) Dominguez Perez,L (2763)-Grischuk,A (2759) Khanty-Mansiysk 2019}) 12... Nf8 13. Nc4 {[#]} Ng6 $146 {Strongly threatening ...g4.} ({Predecessor:} 13... h5 14. h4 g4 15. Ne1 Ng6 {½-½ (52) Martirosyan,H (2616)-Hovhannisyan,R (2634) Yerevan 2019}) 14. Ne3 Qf6 15. d4 (15. h3 $11) 15... h5 ({Black should try} 15... g4 $1 $15 16. Ne1 h5) 16. Bxc6+ $1 $14 bxc6 17. dxe5 dxe5 18. Nc4 $36 {[%cal Rc4e5][%mdl 2048] White is more active.} g4 19. Bxe5 {[%mdl 64] Double Attack} Qe6 20. Bxc7 {[%csl Gc7][%cal Rd1d8]} Qd7 $1 {[%cal Rd7c7]} 21. Qxd7+ Kxd7 22. Be5 $1 {[%cal Re5h8]} gxf3 23. Rfd1+ ({Wrong is} 23. gxf3 $2 Nxe5 24. Nxe5+ Kc7 $19) 23... Ke7 {Hoping for ...f6.} 24. Bxh8 Be6 25. Ne5 ({Avoid the trap} 25. gxf3 $2 Bxc4 26. b3 Be2 $19) 25... Nxh8 26. Nxc6+ Kf6 27. Rd8 Rxd8 28. Nxd8 Bd7 29. b4 Ng6 30. gxf3 Ne5 (30... Ke7 $16) 31. Kg2 ({Better is} 31. f4 $18 Ng4 32. Ra2) 31... Nd3 32. Ra2 (32. b5 $16) 32... Ke7 $11 33. Nb7 Be6 (33... h4 $11) 34. Ra1 $1 $16 Bxf2 {aiming for ...Bh3+!} 35. Kf1 $1 {[%cal Rf1e2] Black must now prevent Ke2.} Bb6 36. Ke2 Ne5 {and if ...Bc4+ works, Black does fine.} 37. Nc5 $1 Bc4+ 38. Ke3 {Kd4 is the strong threat.} Nd7 39. Kd4 Be2 (39... Be6 $142) 40. Ke3 Bc4 41. Kd4 $2 (41. a5 $1 $16 {[%cal Ra5b6]} Ba7 42. Kd4) 41... Be6 $2 (41... Be2 $11) 42. f4 (42. a5 $142 Ba7 43. Rg1) 42... Kd6 {[%cal Rd7c5]} 43. f5 $1 Bb3 44. a5 Ba7 {[%cal Rd7c5]} 45. c4 $1 {Threatens to win with Kc3.} Ne5 46. Kc3 $1 {[%cal Rc3b3]} Bxc4 47. Rd1+ Kc6 (47... Kc7 $16 {was necessary.}) 48. Rd8 $1 $18 {[%cal Rd8c8]} Bb5 (48... Bf1 $142 49. Rc8+ Kd6) 49. Rh8 Bxc5 50. bxc5 Kxc5 51. Rxh5 Bc6 52. f6 Kd6 53. Kd4 Nf3+ 54. Ke3 Ne5 55. Kd4 (55. Rh8 $18) 55... Nf3+ $14 56. Ke3 (56. Kd3 $1 $14) 56... Ne5 $18 57. Kf4 $2 (57. Rh8 $18) 57... Nd3+ $11 58. Kf5 Bd7+ 59. Kg5 Ke6 $2 {[%mdl 8192]} (59... Ke5 $11) 60. Kh6 $1 $18 Bc6 61. Kg7 Bxe4 62. Rh8 ({Only move:} 62. Rh3 $18) 62... Bg6 $2 (62... Bd5 $16) 63. Rc8 $2 ({White must play} 63. h4 $18) 63... Nf4 $2 {[%mdl 8192]} (63... Kd6 $11) 64. Rc6+ $1 Ke5 65. Rxa6 Nh5+ 66. Kh8 Nxf6 67. Ra8 Kd6 $2 (67... Be4 {was called for.} 68. Rf8 Bd3) 68. Rb8 Nd7 69. a6 Be4 70. a7 f5 71. Kg7 {White mates.} Nc5 72. a8=Q Bxa8 73. Rxa8 {[%mdl 4096] Endgame KR-KN} f4 74. h4 Ke5 75. h5 f3 76. h6 f2 77. Ra1 Ne6+ 78. Kf7 Kf5 {[#]} 79. Rf1 $1 Ng5+ {[#]} 80. Kg7 $1 {Accuracy: White = 59%, Black = 41%.} 1-0

[Event "FIDE Chesscom Grand Swiss 2019"]
[Site "Douglas-Isle of Man"]
[Date "2019.10.14"]
[Round "5.22"]
[White "Korobov, Anton"]
[Black "Kuzubov, Yuriy"]
[Result "1/2-1/2"]
[WhiteElo "2679"]
[BlackElo "2636"]
[Annotator "TA"]
[PlyCount "60"]
[EventDate "2019.10.10"]
[EventType "swiss"]
[EventCountry "GBR"]
[SourceTitle "playchess.com"]
[Source "ChessBase"]
[SourceQuality "1"]

{[%evp 18,60,20,13,25,8,24,8,4,7,7,6,6,15,8,12,10,6,6,8,16,8,8,4,6,5,4,0,0,0,0,0,0,0,0,0,0,0,0,0,0,0,0,0,0]} 1. d4 $146 ({Predecessor:} 1. Nf3 d5 2. d4 Nf6 3. c4 {½-½ (31) Bu,X (2729)-Yu,Y (2738) Daqing 2019}) 1... Nf6 2. c4 e6 3. Nf3 d5 4. Nc3 Bb4 5. Bg5 h6 6. Bxf6 Qxf6 7. e3 O-O 8. Rc1 dxc4 9. Bxc4 c5 10. O-O {Black should prevent Ne4.} cxd4 {D38: Queen's Gambit Declined: Ragozin Defence (4 Nf3 Bb4)} 11. Ne4 Qe7 12. a3 Ba5 {The position is equal.} 13. Qxd4 Rd8 14. Qc5 Qxc5 15. Nxc5 Nd7 16. Nb3 Bb6 17. a4 Nf6 18. Be2 {[#] And now a5 would win.} a5 19. Ne5 Bd7 20. Nxd7 Rxd7 21. Rfd1 Rxd1+ 22. Rxd1 Rc8 23. Kf1 Rc2 24. Rd2 Rxd2 25. Nxd2 $11 {[%mdl 4096] Endgame KBN-KBN} Nd7 26. Nb3 Nc5 27. Nxc5 Bxc5 28. Bc4 b6 29. b3 Kf8 30. Ke2 Ke7 {Accuracy: White = 68%, Black = 96%.} 1/2-1/2

[Event "FIDE Chesscom Grand Swiss 2019"]
[Site "Douglas-Isle of Man"]
[Date "2019.10.14"]
[Round "5.22"]
[White "Erenberg, Ariel"]
[Black "Jones, Gawain C B"]
[Result "1/2-1/2"]
[WhiteElo "2463"]
[BlackElo "2688"]
[Annotator "RC"]
[PlyCount "84"]
[EventDate "2019.10.10"]
[EventType "swiss"]
[EventCountry "GBR"]
[SourceTitle "playchess.com"]
[Source "ChessBase"]
[SourceQuality "1"]
[TimeControl "40/6000+30:20/3000+30:900+30"]

1. d4 {[%emt 0:00:00]} Nf6 {[%emt 0:01:13]} 2. c4 {[%emt 0:00:00]} g6 {[%emt 0:00:21]} 3. g3 {[%emt 0:00:00]} c6 {[%emt 0:00:06]} 4. Bg2 {[%emt 0:01:57]} d5 {[%emt 0:00:31]} 5. cxd5 {[%emt 0:03:20]} cxd5 {[%emt 0:00:22]} 6. Nc3 {[%emt 0:04:12]} Bg7 {[%emt 0:00:06]} 7. Nf3 {[%emt 0:01:50]} Ne4 {[%emt 0:01:18]} 8. Ne5 {[%emt 0:03:22]} Nxc3 {[%emt 0:06:26]} 9. bxc3 {[%emt 0:00:03]} O-O {[%emt 0:00:14]} 10. O-O {[%emt 0:01:15]} Nc6 {[%emt 0:00:30]} 11. Nxc6 {[%emt 0:00:06]} bxc6 {[%emt 0:00:07]} 12. Qa4 {[%emt 0:00:21]} Qb6 {[%emt 0:05:50]} 13. Ba3 {[%emt 0:00:37]} Qa6 {[%emt 0:00:14]} 14. Qxa6 {[%emt 0:00:18]} Bxa6 {[%emt 0:00:02]} 15. Rfb1 {[%emt 0:07:58]} Rfe8 {[%emt 0:05:55]} 16. Bf1 {[%emt 0:06:45]} Bf8 {[%emt 0:10:07]} 17. e3 {[%emt 0:05:35]} Bxf1 {[%emt 0:00:05]} 18. Kxf1 {[%emt 0:00:02]} Reb8 {[%emt 0:00:08]} 19. Ke2 {[%emt 0:17:07]} e6 {[%emt 0:00:16]} 20. Bxf8 {[%emt 0:00:11]} Kxf8 {[%emt 0:00:07]} 21. Kd3 {[%emt 0:07:30]} Ke7 {[%emt 0:02:33]} 22. c4 {[%emt 0:02:58]} Kd6 {[%emt 0:04:41]} 23. c5+ {[%emt 0:04:25]} Kc7 {[%emt 0:00:07]} 24. h4 {[%emt 0:01:02]} f6 {[%emt 0:03:09]} 25. f4 {[%emt 0:03:49]} h5 {[%emt 0:12:44]} 26. Kc2 {[%emt 0:10:07]} Rxb1 {[%emt 0:03:36]} 27. Rxb1 {[%emt 0:00:15]} Rg8 {[%emt 0:00:05]} 28. Kd3 {[%emt 0:04:25]} Kc8 {[%emt 0:01:24]} 29. Rb2 {[%emt 0:01:54]} Rg7 {[%emt 0:02:08]} 30. Rb1 {[%emt 0:00:54]} Rf7 {[%emt 0:03:12]} 31. Rg1 {[%emt 0:08:31]} Rh7 {[%emt 0:02:04]} 32. Rb1 {[%emt 0:01:05]} Rg7 {[%emt 0:00:26]} 33. Rg1 {[%emt 0:01:09]} Rh7 {[%emt 0:03:20]} 34. Rb1 {[%emt 0:00:24]} Rb7 {[%emt 0:00:14]} 35. Rxb7 {[%emt 0:02:05]} Kxb7 {[%emt 0:00:10]} 36. Kc3 {[%emt 0:00:04]} a5 {[%emt 0:00:24]} 37. Kb3 {[%emt 0:00:31]} Ka7 {[%emt 0:00:06]} 38. Ka4 {[%emt 0:04:10]} Ka6 {[%emt 0:01:31]} 39. a3 {[%emt 0:00:16]} f5 {[%emt 0:00:26]} 40. Kb3 {[%emt 0:00:02]} Kb5 {[%emt 0:00:18]} 41. a4+ {[%emt 0:50:00]} Ka6 {[%emt 0:50:12]} 42. Kc3 {[%emt 0:00:25]} Kb7 {[%emt 0:00:15]} 1/2-1/2

[Event "FIDE Chesscom Grand Swiss 2019"]
[Site "Douglas-Isle of Man"]
[Date "2019.10.14"]
[Round "5.23"]
[White "Ponomariov, Ruslan"]
[Black "Najer, Evgeniy"]
[Result "1/2-1/2"]
[WhiteElo "2675"]
[BlackElo "2635"]
[Annotator "TA"]
[PlyCount "114"]
[EventDate "2019.10.10"]
[EventType "swiss"]
[EventCountry "GBR"]
[SourceTitle "playchess.com"]
[Source "ChessBase"]
[SourceQuality "1"]

{[%evp 9,114,6,8,2,7,-12,32,-7,0,0,1,0,0,0,3,0,0,-8,0,0,0,-12,0,-20,-10,-18,-7,-25,0,0,0,0,0,0,0,-2,13,4,29,51,77,0,18,0,32,0,0,-82,-74,-97,-119,-112,-122,-122,-90,-106,-106,-107,-111,-130,-111,-118,-97,-161,-100,-176,-170,-183,-137,-211,-177,-234,-191,-229,-227,-219,-227,-235,-238,-205,-213,-245,-176,-211,-157,-148,-55,-287,0,0,-91,-390,0,0,0,0,0,0,0,0,0,0,0,0,0,0,0]} 1. e4 e5 2. Nf3 Nc6 3. Bb5 a6 4. Ba4 Nf6 5. Nc3 Bc5 (5... b5 $5 6. Bb3 $8 Bc5 $11) 6. Bxc6 {C77: Ruy Lopez: 3...a6 4 Ba4 Nf6, unusual lines} dxc6 7. d3 Ng4 $146 ({Predecessor:} 7... Qd6 8. h3 Be6 9. Be3 Nd7 10. Bxc5 Nxc5 11. Qd2 Nd7 12. d4 exd4 13. Nxd4 c5 14. Nxe6 fxe6 {1-0 (76) Carlsen,M (2835)-Anand,V (2773) Wijk aan Zee 2019}) 8. Rf1 {White is slightly better.} (8. O-O {looks sharper.} Qe7 9. Ne2 Nf6 10. h3 O-O 11. Ng3) 8... Qd6 9. h3 Nf6 10. Be3 Bxe3 11. fxe3 Be6 12. Qe2 Nd7 13. O-O-O Qe7 14. d4 f6 15. g4 O-O 16. Nh4 g6 17. Rg1 Kh8 18. Nf3 Bg8 19. h4 b5 20. g5 fxg5 21. Rxg5 exd4 22. exd4 b4 23. Nb1 Rf4 24. Nbd2 Rxh4 $1 25. Rdg1 (25. Nxh4 $16 Qxg5 26. Qh2) 25... Rh6 26. Ra5 c5 27. dxc5 (27. Qe3 $5 {[%cal Re3h6]} Qg7 28. d5 $11) 27... Rh5 28. Qe3 (28. Qd3 $11 {remains equal.}) 28... Rxc5 $17 29. Qd4+ Qg7 30. Qxb4 Rb8 $1 {[%cal Rb8b4] [#]} 31. Qxb8 $1 {[%mdl 512]} Rxc2+ $1 (31... Nxb8 32. Rxc5) 32. Kxc2 Nxb8 33. a3 Qf6 34. Rc5 Qb6 $36 {[%mdl 2048] Black has strong initiative.} 35. Rc3 Nd7 36. b4 (36. Kb1 $17) 36... h6 (36... a5 $19 37. Rb1 axb4 38. Rxb4 Qa7) 37. Rg2 (37. Rc1 $17 {was called for.}) 37... Bf7 $19 38. Nc4 Qe6 39. Nfd2 (39. Re2 $17) 39... c5 40. Re2 (40. Rgg3 {was necessary.}) 40... g5 41. Ree3 cxb4 42. axb4 Qe7 43. Red3 Qxb4 44. Rd6 h5 45. Rxa6 g4 46. Nd6 {[#]} Be6 $1 {aiming for ...Nb8.} 47. Rc8+ Kh7 ({Better is} 47... Kg7 $17 {Threatens to win with ...Nc5.} 48. Rc7 Kf6) 48. Nf5 $2 {[#]} (48. Rc7 $1 $15) 48... Bxf5 $2 ({Black should try} 48... Nc5 $1 $19 {[%cal Rc5a6]} 49. Rc7+ Kg6) 49. exf5 $11 Qb5 (49... Qb7 $11 50. Rac6 Qb5) 50. Rd6 $2 {[%mdl 8192]} (50. Re6 $17) 50... Qxf5+ $2 (50... Qa4+ $19 51. Nb3 Qe4+ {[%mdl 64] Double Attack} 52. Kb2 Qe5+ {[%mdl 64] Double Attack} 53. Rd4 g3) 51. Kd1 {The position is equal.} Nf8 52. Rc7+ Kg8 (52... Kh8 $5 53. Rd8 $8 Qf2 $11) 53. Rd8 $1 g3 {...g2 is the strong threat.} (53... h4 $5 54. Rcc8 $8 Kg7 55. Rxf8 Qxf8 56. Rxf8 Kxf8 $11) 54. Rcc8 g2 55. Rxf8+ Qxf8 56. Rxf8+ Kxf8 57. Nf3 h4 {[%mdl 64] Promotion. Accuracy: White = 40%, Black = 63%.} 1/2-1/2

[Event "FIDE Chesscom Grand Swiss 2019"]
[Site "Douglas-Isle of Man"]
[Date "2019.10.14"]
[Round "5.23"]
[White "Berkes, Ferenc"]
[Black "Gukesh D"]
[Result "1-0"]
[WhiteElo "2667"]
[BlackElo "2520"]
[Annotator "TA"]
[PlyCount "153"]
[EventDate "2019.10.10"]
[EventType "swiss"]
[EventCountry "GBR"]
[SourceTitle "playchess.com"]
[Source "ChessBase"]
[SourceQuality "1"]

{[%evp 21,153,10,8,0,6,13,11,0,11,6,6,0,0,0,14,5,5,-10,0,0,0,-21,4,0,6,4,6,4,8,0,0,0,0,0,0,0,0,0,0,0,0,0,0,0,0,0,10,16,84,93,170,160,222,140,145,144,133,150,216,216,215,221,204,204,382,371,683,675,658,606,510,490,1118,979,610,533,1432,658,648,954,3000,58,72,0,6,0,0,0,0,0,0,0,1131,1003,1162,1138,1069,941,840,547,370,362,29977,29978,29978,29979,29979,29979,29978,29978,29981,29979,29980,29977,29977,29978,29977,29973,29978,29980,29980,29981,29981,29982,29982,29983,29982,29981,29984,29985,29985,29986,29986,29983]} 1. Nf3 d5 2. g3 g6 3. Bg2 Bg7 4. d4 Nf6 5. c4 c6 6. cxd5 cxd5 7. Nc3 O-O 8. Ne5 e6 9. O-O Bd7 10. Bg5 h6 11. Bf4 Nc6 12. Qd2 {D79: Fianchetto Grünfeld: Symmetrical Variation (6 0-0 c6 7 cxd5 cxd5)} Nxe5 (12... Kh7 13. Rfd1 Nh5 14. e4 Nxf4 15. Qxf4 dxe4 16. Nxe4 Qe7 17. h4 Rad8 18. h5 gxh5 19. Rac1 Be8 {0-1 (30) Mamedyarov,S (2799)-Artemiev,V (2691) Moscow 2017}) 13. Bxe5 Bc6 14. Rac1 {The position is equal.} Ne8 $146 ({Predecessor:} 14... Qe7 15. Rc2 Rfd8 16. h3 {½-½ (16) Lengyel,L-Gligoric,S Wijk aan Zee 1971}) 15. Bxg7 Kxg7 16. Rc2 Nd6 17. Rfc1 Qe7 18. e3 Rfc8 19. h4 Be8 20. Qd3 Bc6 21. Qd1 Qd8 22. Bf1 Be8 23. Bd3 Rc6 24. Ne2 Rac8 25. Nf4 (25. Rxc6 {with more complications.} Rxc6 26. Rc5 b6 27. Rxc6 Bxc6 28. Nf4) 25... g5 26. hxg5 hxg5 27. Rxc6 Rxc6 28. Rxc6 Bxc6 29. Qg4 Bd7 30. Nh5+ Kf8 31. Qf3 Bc6 32. Nf6 Kg7 33. Ng4 f5 34. Ne5 Be8 (34... g4 $11 {remains equal.} 35. Qf4 Nf7) 35. g4 $16 fxg4 (35... Qf6 $16) 36. Qxg4 $18 Qe7 (36... Qf6 $16 {was worth a try.} 37. f4 Nf7 38. Nxf7 Qxf7) 37. f4 $40 {[%mdl 128] White attacks with force.} Nf7 38. Kf2 Nxe5 39. dxe5 Bg6 (39... a6 $16 {was necessary.} 40. Be2 (40. fxg5 Bg6 $16) (40. Qxg5+ Qxg5 41. fxg5 Bg6 $16) 40... Bb5) 40. Bxg6 $1 Kxg6 {[%mdl 4096] Endgame KQ-KQ} 41. Kf3 b6 42. a3 b5 $2 (42... a6 {keeps fighting.} 43. e4 dxe4+ 44. Kxe4 a5) 43. b4 a6 $2 (43... Kh6 44. fxg5+ Kg6) 44. Kg3 Kh6 {intending ...gxf4+.} 45. f5 $1 exf5 46. Qxf5 Qc7 {[#]} (46... Qd8 $142 47. Qe6+ Kg7 48. Qxa6 Qe7) 47. Qe6+ $1 Kh5 48. Qxd5 Qc3 49. Qh1+ (49. Qf3+ $142 Kh6 50. Qh1+ Kg7 51. Qb7+ Kg8 52. Qb8+ Kf7 53. Qa7+ Ke8 54. Qd4) 49... Kg6 50. Qe4+ Kg7 51. Qd4 $2 ({White has to play} 51. Kg4 $18 Qc4 52. Kf5 Qxe4+ 53. Kxe4) 51... Qc4 $1 $14 52. Qd7+ (52. Qa7+ $16 Kg6 53. Qxa6+ Kh5 54. Qd6) 52... Kg6 53. Qd6+ Kh5 54. Qd1+ Kg6 55. Qb1+ Kh6 56. Qf5 {Threatens to win with e6.} Qc1 $2 {[%mdl 8192]} (56... Qh4+ $11 57. Kg2 Qc4) 57. Qf6+ $18 Kh5 58. Qf3+ Kg6 {[#]} 59. Qe4+ $1 Kh6 60. e6 {aiming for e7.} Qg1+ 61. Kh3 {Hoping for e7.} Qf1+ $2 (61... Qd1 $18 62. Kg2 Qe2+ 63. Kg3 Qd1) 62. Kg4 {White mates.} Qg1+ 63. Kf5 Qf2+ 64. Ke5 Qf8 65. Qb7 g4 66. Qf7 Qc8 67. Kf5 {[%csl Gf5][%cal Rf7g6]} Qc2+ 68. Kxg4 Qg2+ 69. Kf4 Qf2+ 70. Ke4 Qc2+ 71. Ke5 Qc3+ 72. Kd6 Qd3+ 73. Kc7 Qxe3 74. Qf6+ Kh5 75. e7 Qa7+ 76. Kc6 Qa8+ 77. Kb6 {Accuracy: White = 57%, Black = 46%.} 1-0